Gothic Sculpture (Record no. 4973)
[ view plain ]
| 000 -CABECERA | |
|---|---|
| campo de control de longitud fija | 00957nam a2200277 a 4500 |
| 001 - NÚMERO DE CONTROL | |
| campo de control | BRCA_5279 |
| 005 - FECHA Y HORA DE LA ÚLTIMA TRANSACCIÓN | |
| campo de control | 20190320205020.0 |
| 008 - DATOS DE LONGITUD FIJA--INFORMACIÓN GENERAL | |
| campo de control de longitud fija | 011210c1963----enka######---#000-0#eng-# |
| 041 ## - CÓDIGO DE LENGUA | |
| Código de lengua del texto/banda sonora o título independiente | eng |
| 044 ## - CÓDIGO DEL PAÍS DE LA ENTIDAD EDITORA/PRODUCTORA | |
| Código MARC del país | enk |
| 050 #4 - SIGNATURA TOPOGRÁFICA DE LA BIBLIOTECA DEL CONGRESO | |
| Número de clasificación | NB180 |
| Número de documento/Ítem | .G68 1963 |
| 245 10 - MENCIÓN DE TÍTULO | |
| Título | Gothic Sculpture |
| Mención de responsabilidad, etc. | with an introduction by Hans Weigert ; edited by Harald Busch and Bernd Lohse ; with commentaries on the illustrations by Hans Weigert ; translated by Peter Gorge. |
| 260 ## - PUBLICACIÓN, DISTRIBUCIÓN, ETC. | |
| Lugar de publicación, distribución, etc. | Londres |
| Nombre del editor, distribuidor, etc. | B. T. Batsford |
| Fecha de publicación, distribución, etc. | 1963 |
| 300 ## - DESCRIPCIÓN FÍSICA | |
| Extensión | xxiii, 200 p. |
| Otras características físicas | il. |
| Dimensiones | 27 cm. |
| 440 #0 - MENCIÓN DE SERIE/PUNTO DE ACCESO ADICIONAL--TÍTULO | |
| Título | European Sculpture |
| 9 (RLIN) | 13525 |
| 500 ## - NOTA GENERAL | |
| Nota general | Incluye índice de lugares |
| 500 ## - NOTA GENERAL | |
| Nota general | Donación Dr. Héctor Rivero Borrell Vázquez |
| 650 14 - PUNTO DE ACCESO ADICIONAL DE MATERIA--TÉRMINO DE MATERIA | |
| Término de materia o nombre geográfico como elemento de entrada | Escultura gótica |
| 9 (RLIN) | 2039 |
| 700 1# - PUNTO DE ACCESO ADICIONAL--NOMBRE DE PERSONA | |
| Nombre de persona | Weigert, Hans |
| 9 (RLIN) | 10295 |
| 700 1# - PUNTO DE ACCESO ADICIONAL--NOMBRE DE PERSONA | |
| Nombre de persona | Busch, Harald |
| Término indicativo de función/relación | Editor |
| 9 (RLIN) | 13526 |
| 700 1# - PUNTO DE ACCESO ADICIONAL--NOMBRE DE PERSONA | |
| Nombre de persona | Lohse, Bernd |
| Término indicativo de función/relación | Editor |
| 9 (RLIN) | 13527 |
| 700 1# - PUNTO DE ACCESO ADICIONAL--NOMBRE DE PERSONA | |
| Nombre de persona | Weigert, Hans |
| 9 (RLIN) | 10295 |
| 700 1# - PUNTO DE ACCESO ADICIONAL--NOMBRE DE PERSONA | |
| Nombre de persona | Gorge, Peter |
| Término indicativo de función/relación | Traductor |
| 9 (RLIN) | 13528 |
| 902 ## - CATALOGADOR | |
| Iniciales | DHR |
| 942 ## - ELEMENTOS DE PUNTO DE ACCESO ADICIONAL (KOHA) | |
| Fuente del sistema de clasificación o colocación | Library of Congress Classification |
| Tipo de ítem Koha | Libros |
| Estado de retiro | Estado de pérdida | Estado dañado | No para préstamo | Localización permanente | Ubicación/localización actual | Fecha de adquisición | Total de préstamos | Signatura topográfica completa | Código de barras | Fecha visto por última vez | Precio válido a partir de | Tipo de ítem Koha |
|---|---|---|---|---|---|---|---|---|---|---|---|---|
| El ejemplar forma parte de la colección y puede ser consultado según las políticas vigentes. | Biblioteca del Museo Franz Mayer (Rogerio Casas-Alatriste) | Biblioteca del Museo Franz Mayer (Rogerio Casas-Alatriste) | 01/12/2010 | NB180 .G68 1963 | DHR00047 | 22/03/2019 | 22/03/2019 | Libros |